000 01890cam a22004454i 4500
003 PE-LiUPU
005 20250731173156.0
008 1979s1979 mx a rb 000 0 spa d
020 _a0311114032
035 _aPE-LiUPU18968
040 _aPE-LiUPU
_bspa
_cPE-LiUPU
_erda
082 0 4 _a268.7
_bD632m
_223
100 _aDobbins, Gaines S.,
_eautor.
_96098
245 1 0 _aMejor enseñanza bíblica para maestros de adultos /
_cGaines S. Dobbins ; traducción de A. E. Corugedo Binefra ; revisión y adaptación de Nelly de González.
264 1 _aEl Paso, Texas :
_bCasa Bautista de Publicaciones,
_c1979.
300 _a98 páginas ;
_c21 cm.
336 _atext
_2rdacontent
337 _aunmediated
_2rdamedia
338 _avolume
_2rdacarrier
504 _aIncluye actividades de repaso y evaluación al final de cada capítulo.
505 0 _aNuestros adultos incomprendidos -- Preparándose para ser adultos -- Etapas en el crecimiento de los adultos -- La responsabilidad del maestro de adultos -- Satisfaciendo las necesidades del adulto con la Biblia -- El arte del estudio de la Biblia -- El maestro preparándose para enseñar -- El maestro de adultos en acción -- Probando los resultados de la enseñanza -- Actividades para repaso y evaluación.
526 _aSEG42
526 _aSEG41
526 _aSEG40
526 _aSEG39
526 _aP94
526 _aP87
526 _aP86
526 _aP85
526 _aP77
526 _aP76
526 _aP35
650 1 0 _aEducación cristiana de adultos.
_96279
650 1 0 _aEnseñanza bíblica
_xMétodos de instrucción.
_96280
700 _aCorugedo Binefra, A. E.
_etraductor.
_96277
700 _aDe González, Nelly,
_erevisión.
_eadaptación.
_96278
942 _2ddc
_cEB
980 _81
_gALBERTO SANCHEZ Responsable de Automatización
999 _c36426
_d36426